TOP 10 : Les jeux vidéos les plus joués - Statistiques

Statistiques générales
  • Ce quiz a été pris 1 353 fois
  • Le résultat moyen est 3 sur 10
Statistiques - réponses
Place 🥇 Réponses % Correct
#5 Fortnite
89%
#1 Minecraft
76%
#2 GTA V
67%
#6 LOL
31%
#3 Tetris
22%
#9 Pokemon GO
21%
#7 Call of Duty Warzone
19%
#4 PUBG
15%
#8 Among Us
7%
#10 CrossFire
0%
Aucun quiz correspondant
Distribution des résultats
% des personnes avec chaque résultat
Percentile par nombre de réponses
Votre historique - résultats
Vous n’avez pas pris ce quiz